| 000 | 00610nam a2200205Ia 4500 | ||
|---|---|---|---|
| 003 | IN-BaIIA | ||
| 008 | 211028s9999 xx 000 0 eng d | ||
| 040 | _cIIA Library | ||
| 080 |
_a53.08 _bBUR |
||
| 100 |
_aBurr, Adrian Alexander _96431 |
||
| 245 | 0 |
_aMeasurements in applied physics _cA. A. Burr, K. J. Dean and R. J. Trebilcock |
|
| 260 |
_aLondon _bChapman and Hall _c1968 |
||
| 300 | _aviii, 228p. | ||
| 650 |
_aElectrical measurements _92382 |
||
| 650 | _aNASA Thesaurus | ||
| 650 |
_aPhysical measurements. _96432 |
||
| 700 |
_aDean, K. J. _96433 |
||
| 700 |
_aTrebilcock, R. J _96434 |
||
| 942 | _cBK | ||
| 999 |
_c3627 _d3627 |
||